مبادىء تصميم و بناء أنظمة التحكم المبرمج : (رقم التسجيلة. 52672)

تفاصيل مارك
000 -الفاتح
عناصر البيانات ثابتة الطول 00885cam a2200205 i 4500
005 - تاريخ ووقت آخر معاملة
حقل ضبط 20251108170936.0
008 - عناصر البيانات ثابتة الطول
عناصر البيانات ثابتة الطول 250721s2000 sy gr 000 0 ara d
082 14 - رقم تصنيف ديوي العشري
رقم التصنيف 005.12
رقم المادة ه ل ا
100 1# - مدخل رئيسي – اسم شخصي
الاسم الشخصي هلالة، عبده
علاقة الشخص بالعمل/ دوره معد.
245 10 - بيان العنوان
العنوان مبادىء تصميم و بناء أنظمة التحكم المبرمج :
بقية العنوان بناء بطاقات التحكم الإلكترونية باستخدام المعالجات التحكمية micro controllers /
بيان المسؤولية إعداد م. عبده هلاله، م. عامر عبود.
250 ## - بيان الطبعة
بيان الطبعة الطبعة الأولى.
264 1# - بيانات النشر، التوزيع…إلخ
مكان النشر، التوزيع...إلخ دمشق :
اسم الناشر، الموزع...إلخ دار الرضا،
تاريخ النشر، التوزيع...إلخ 2000.
300 ## - الوصف المادي
عدد الوحدات المكونة للوعاء 348 صفحة.
490 1# - بيان السلسلة
عنوان السلسلة سلسلة الرضا للمعلومات.
رقم الوعاء في السلسلة رقم 55.
650 17 - مدخل إضافي بالموضوع - مصطلح موضوعي
مصطلح موضوعي أو اسم جغرافي كعنصر مدخل الحواسيب.
700 1# - مدخل إضافي - اسم شخصي
الاسم الشخصي عبود، عامر
علاقة الشخص بالعمل/ دوره معد.
830 #0 - مدخل إضافي بالسلسلة-عنوان مقنن
عنوان السلسسلة الرضا للمعلومات.
942 ## - بيانات إضافية (كوها)
نوع التنصيف Dewey Decimal Classification
نوع المادة (كوها) كتب
المقتنيات
حالة السحب حالة الفقدان مصدر التصنيف حالة التلف غير قابل للإعارة المكتبة الرئيسية المكتبة الحالية موقع الرف تاريخ التزويد الرقم المتسلسل Total Checkouts رقم الإستدعاء تاريخ آخر ظهور تاريخ الفاتورة نوع المادة (كوها) الباركود
    Dewey Decimal Classification Unchecked   المكتبة المركزية المكتبة المركزية الإعارة 06/07/2004 375119   005.12/هلا 28/07/2025 06/07/2004 كتب  
    Dewey Decimal Classification     المكتبة المركزية المكتبة المركزية الإعارة 28/07/2025 439430   005.12 / ه ل ا 28/07/2025 28/07/2025 كتب 439430
    Dewey Decimal Classification     مكتبة أبو علندا العامة مكتبة أبو علندا العامة الإعارة 06/07/2004 439452   005.12/هلا 28/07/2025 06/07/2004 كتب 439452
    Dewey Decimal Classification     مكتبة أم قصير والمقابلين العامة مكتبة أم قصير والمقابلين العامة الإعارة 06/07/2004 439451   005.12/هلا 28/07/2025 06/07/2004 كتب 439451
    Dewey Decimal Classification Unchecked   مكتبة الاميرة بديعة مكتبة الاميرة بديعة الإعارة 06/07/2004 504991   005.12/هلا 28/07/2025 06/07/2004 كتب  
    Dewey Decimal Classification Unchecked   مكتبة الاميرة بديعة مكتبة الاميرة بديعة الإعارة 06/07/2004 536410   005.12/هلا 28/07/2025 06/07/2004 كتب  
    Dewey Decimal Classification Unchecked   مكتبة الجويدة مكتبة الجويدة الإعارة 28/07/2025 439447   005.12/هلا 28/07/2025 28/07/2025 كتب  
    Dewey Decimal Classification Unchecked   مكتبة الحسن العامة مكتبة الحسن العامة الإعارة 06/07/2004 504993   005.12/هلا 28/07/2025 06/07/2004 كتب  
    Dewey Decimal Classification     مكتبة صويلح العامة مكتبة صويلح العامة الإعارة 06/07/2004 439444   005.12/هلا 28/07/2025 06/07/2004 كتب 439444
Implemented & Customized by: BBB with SCIT (Smart Chains for Information Technology)

Powered by Koha